{"text_format":"3","workbook":"xls","n_sheets":2,"sheets":["电力管道（一工区）","电力管道（二工区）"],"not_rendered":{"external_links":1,"defined_names":2},"read":"whole","date_system":"1900","formulas":"cached_only"}

{"sheet":"电力管道（一工区）","index":0,"n_rows":68,"n_cols":8,"rows_kept":68,"merged":[[0,0,0,7],[1,0,1,7],[2,10,2,11],[2,12,2,13],[7,0,7,2],[8,0,8,7],[12,0,12,7],[13,0,13,7],[17,6,19,6],[17,7,19,7],[21,0,21,2],[22,0,22,7],[24,0,24,7],[25,0,25,7],[31,0,31,2],[32,0,32,7],[33,0,33,7],[34,0,34,7],[37,6,42,6],[37,7,42,7],[44,0,44,2],[45,0,45,7],[47,0,47,7],[48,0,48,7],[65,0,65,2],[66,0,66,7],[67,0,67,7]],"flags":["formulas_cached_only"]}
["上饶市槠溪北路（三清山大道-天佑大道段）道路工程"]
["电力管廊劳务招标清单（一工区）"]
[{"$nulls":7},"第 1 页  共 5 页"]
["分项工程","施工工序","单位","暂定数量","清包工单价","合价","主要工作内容","计量规则"]
["管道安装","Φ200 BWFRP电力保护管","m",{"v":25144.8,"d":"25145"},{"v":4.6,"d":"4.60"},{"v":115666.07999999999,"d":"115666"},"材料卸车、材料搬运、定位、安装（含管枕安装2m一个管枕）、管道封堵、安全文明施工等工序所需的人工费、材料费（含水电、燃油、堵泥等除甲方供应的材料）、机械费（含进出场费用）以及利润、管理费、风险费等完成此项工程所需的除甲方工作内容以外的一切费用","依据图纸所示位置及断面尺寸，并经现场实际验收合格按双方核定的设计（含变更设计）内的实际数量以米为单位计量；除砂砾、管材由甲方提供外，其余所有材料、设备及便道填筑及维护、等均由乙方提供及实施，费用已含在综合单价中，不另行计量。"]
["管道安装","Φ100 BWFRP电力保护管","m",{"v":4661.2,"d":"4661"},{"v":3,"d":"3.00"},{"v":13983.599999999999,"d":"13984"},"材料卸车、材料搬运、定位、安装（含管枕安装2m一个管枕）、管道封堵、安全文明施工等工序所需的人工费、材料费（含水电、燃油、堵泥等除甲方供应的材料）、机械费（含进出场费用）以及利润、管理费、风险费等完成此项工程所需的除甲方工作内容以外的一切费用","依据图纸所示位置及断面尺寸，并经现场实际验收合格按双方核定的设计（含变更设计）内的实际数量以米为单位计量；除砂砾、管材由甲方提供外，其余所有材料、设备及便道填筑及维护、等均由乙方提供及实施，费用已含在综合单价中，不另行计量。"]
["管道安装","Φ200 MPP电力保护管","m",{"v":6211.2,"d":"6211"},{"v":20,"d":"20.00"},124224,"材料卸车、材料搬运、定位、安装（含管枕安装2m一个管枕）、管道封堵、安全文明施工等工序所需的人工费、材料费（含水电、燃油、堵泥等除甲方供应的材料）、机械费（含进出场费用）以及利润、管理费、风险费等完成此项工程所需的除甲方工作内容以外的一切费用","依据图纸所示位置及断面尺寸，并经现场实际验收合格按双方核定的设计（含变更设计）内的实际数量以米为单位计量；除砂砾、管材由甲方提供外，其余所有材料、设备及便道填筑及维护、等均由乙方提供及实施，费用已含在综合单价中，不另行计量。"]
["本页合计：",{"$nulls":4},{"v":253873.68,"d":"253874"}]
["法定代表人或委托人：（签字盖章）                      日   期："]
[]
[]
[]
["上饶市槠溪北路（三清山大道-天佑大道段）道路工程"]
["电力管廊劳务招标清单（一工区）"]
[{"$nulls":7},"第 2 页  共 5 页"]
["分项工程","施工工序","单位","暂定数量","清包工单价","合价","主要工作内容","计量规则"]
["管道安装","Φ100 MPP电力保护管","m",{"v":1112.8,"d":"1113"},{"v":10,"d":"10.00"},11128,"材料卸车、材料搬运、定位、安装（含管枕安装2m一个管枕）、管道封堵、安全文明施工等工序所需的人工费、材料费（含水电、燃油、堵泥等除甲方供应的材料）、机械费（含进出场费用）以及利润、管理费、风险费等完成此项工程所需的除甲方工作内容以外的一切费用","依据图纸所示位置及断面尺寸，并经现场实际验收合格按双方核定的设计（含变更设计）内的实际数量以米为单位计量；除砂砾、管材由甲方提供外，其余所有材料、设备及便道填筑及维护、等均由乙方提供及实施，费用已含在综合单价中，不另行计量。"]
[null,"C15砼垫层","m3",345.84,142.17,{"v":49168.072799999994,"d":"49168"},"场地清理；排水；模板制作、安装、拆除；混凝土浇筑、养护；施工缝、沉降缝设置、处理等所有与砼有关的工作内容及电力警示柱及电缆警示带的安装。","依据图纸所示位置及断面尺寸，并经现场实际验收合格按双方核定的设计（含变更设计）内的数量以立方米为单位计量；所有材料（含沥青麻蕠）、设备（含吊车、挖机、发电机及施工用电设施等）等均由乙方提供及实施，费用已含在综合单价中，不另行计量。"]
[null,"碎石垫层","m3",{"v":530.288,"d":"530.29"},7.88,{"v":4178.66944,"d":"4179"}]
[null,"C20混凝土包封","m3",{"v":1886.3339999999998,"d":"1886.33"},142.17,{"v":268180.10477999994,"d":"268180"}]
[null,"60*6mm接地扁铁","m",{"v":3885,"d":"3885.00"},21.07,{"v":81856.95,"d":"81857"},"场地清理、扁铁安装、焊接、接地地阻测试、材料费（含水电、燃油、扁铁、角钢、牛鼻子）、机械费（含进出场费用）以及利润、管理费、风险费等完成此项工程所需的除甲方工作内容以外的一切费用","依据图纸所示位置及断面尺寸，并经现场实际验收合格按双方核定的设计（含变更设计）内的实际数量以米为单位计量；所有材料、设备及便道填筑及维护、等均由乙方提供及实施，费用已含在综合单价中，不另行计量。"]
["本页合计：",{"$nulls":4},{"v":414511.79701999994,"d":"414512"}]
["法定代表人或委托人：（签字盖章）                      日   期："]
[]
["上饶市槠溪北路（三清山大道-天佑大道段）道路工程"]
["电力管廊劳务招标清单（一工区）"]
[{"$nulls":7},"第 3 页  共 5 页"]
["分项工程","施工工序","单位","暂定数量","清包工单价","合价","主要工作内容","计量规则"]
[null,"接地网","付",{"v":60,"d":"60.00"},{"v":1152.6,"d":"1152.60"},69156,"场地清理、扁铁安装、焊接、接地地阻测试、材料费（含水电、燃油、扁铁、角钢、钢筋、牛鼻子）、机械费（含进出场费用）以及利润、管理费、风险费等完成此项工程所需的除甲方工作内容以外的一切费用","依据图纸所示位置及断面尺寸，并经现场实际验收合格按双方核定的设计（含变更设计）内的实际数量以付为单位计量；所有材料、设备及便道填筑及维护、等均由乙方提供及实施，费用已含在综合单价中，不另行计量。"]
[null,"电缆井支架","付",{"v":590,"d":"590.00"},63.78,{"v":37630.2,"d":"37630"},"场地清理、预埋件安装、支架安装、焊接、材料费（含水电、燃油、支架、预埋件）、机械费（含进出场费用）以及利润、管理费、风险费等完成此项工程所需的除甲方工作内容以外的一切费用","依据图纸所示位置及断面尺寸，并经现场实际验收合格按双方核定的设计（含变更设计）内的实际数量以付为单位计量；所有材料、设备及便道填筑及维护、等均由乙方提供及实施，费用已含在综合单价中，不另行计量。"]
[null,"管道开挖","m3",9170.58,5.45,{"v":49979.661,"d":"49980"},"便道修通及维护、场地清理；围堰、排水；基坑开挖（含钻爆）；基坑支护；基坑检查、修整；基坑回填、压实；边坡及底面修整、弃方清运至指定弃土场整平、安全防护等等所有与清理现场有关的工作内容。","依据图纸所示地面线、图纸所示开挖土石比例（实际如有不符，不予调整）并经现场实际验收合格，按照天然密实体积按双方核定的设计（含变更设计）内的数量以立方米为单位计量（设计外的开挖数量及费用已含在综合单价内，不另行计算。）爆破手续及安全手续的办理、爆破耗材、安全防护设施、安全人员等所需费用已含在综合单价中，不另行计量；如乙方采用非爆破方法开挖，计量按单价执行，不予调整。"]
["本页合计：",{"$nulls":4},{"v":156765.861,"d":"156766"}]
["法定代表人或委托人：（签字盖章）                      日   期："]
["上饶市槠溪北路（三清山大道-天佑大道段）道路工程"]
["电力管廊劳务招标清单（一工区）"]
[{"$nulls":7},"第 4 页  共 5 页"]
["分项工程","施工工序","单位","暂定数量","清包工单价","合价","主要工作内容","计量规则"]
[null,"转角井","口",{"v":2,"d":"2.00"},22060,44120,"购置爬梯材料、购置、加工；工作井开挖；安拆模板；脚手架搭拆；钢筋加工、钢筋安装；材料的水平、垂直运输；浇筑混凝土、养生；沉降缝止水条；膏安装涂抹处理；井盖安装、制作；井筒制作、安装、浇筑、砌筑；支架安装；安全文明施工等工序所需的人工费、材料费（含水电、燃油、堵泥、井盖、支架预埋件、砖等除甲方供应的材料）、机械费（含进出场费用、挖机、发电机等）以及利润、管理费、风险费等完成此项工程所需的除甲方工作内容以外的一切费用。","依据图纸所示位置及断面尺寸，并经现场实际验收合格按双方核定的设计（含变更设计）内的数量以口为单位计量；所有材料（含爬梯材料）、设备（含吊车、挖机、发电机及施工用电设施等）等均由乙方提供及实施，费用已含在综合单价中，不另行计量。"]
[null,"直通井","口",{"v":44,"d":"44.00"},10218,449592]
[null,"三通井","口",{"v":6,"d":"6.00"},18188,109128]
[null,"横管井","口",{"v":5,"d":"5.00"},5760,28800]
[null,"中间接头井","口",{"v":4,"d":"4.00"},23464,93856]
[null,"井盖","个",{"v":65,"d":"65.00"},{"v":450.38800000000003,"d":"450.39"},{"v":29275.22,"d":"29275"}]
[null,"保护板","块",{"v":4611.2,"d":"4611"},{"v":160,"d":"160.00"},737792,"安拆模板、钢筋加工、钢筋安装、浇筑混凝土、搅拌、养生、保护板安装、安全文明施工等工序所需的人工费、材料费（含水电、燃油、水泥、砂、碎石、钢筋、模板等）、机械费（含进出场费用）以及利润、管理费、风险费等完成此项工程所需的除甲方工作内容以外的一切费用。","依据图纸所示位置及断面尺寸，并经现场实际验收合格按双方核定的设计（含变更设计）内的实际数量以块为单位计量；除砂砾、管材由甲方提供外，其余所有材料、设备及便道填筑及维护、等均由乙方提供及实施，费用已含在综合单价中，不另行计量。"]
["本业合计：",{"$nulls":4},{"v":1492563.22,"d":"1492563"}]
["法定代表人或委托人：（签字盖章）                      日   期："]
[]
["上饶市槠溪北路（三清山大道-天佑大道段）道路工程"]
["电力管廊劳务招标清单（一工区）"]
[{"$nulls":7},"第 5 页  共 5 页"]
["分项工程","施工工序","单位","暂定数量","清包工单价","合价","主要工作内容","计量规则"]
{"$rows_empty":13}
[null,"小计："]
["合计：",{"$nulls":4},{"v":2317714.55802,"d":"2317715"}]
["备注：本次拟招标项目要求施工队必须配备足够的现场技术人员（其中：至少配备1名专业测量技术人员，至少配备水准测量仪器各1台）；各施工队机械配备要求使用220以上挖掘机机、打夯机1台、抽水机、搅拌机；如甲方赶工期要求增加设备，乙方必须无条件增加，增加费用含在拟招标单价内；乙方在施工过程中必须满足当地水保、环保要求，配备相应的环保设施；各施工队在中标进场前必须提供对劳务及工作人员进行投保，投保险种；无记名，10万元赔付款的医疗保险及不低于60万元赔付款的人身意外伤害险。机动车辆要求必须投保强制性保险和第三责任险（100万以上）。上述因素所产生的费用包含在综合单价内。\n1、以上综合单价均包含税金（乙方须向甲方提供正式的“增值税专用发票”、发票税目为“工程服务”，发票税率为“9%”，开具税票所需缴纳的一切税费由乙方自行承担）。\n2、上述单价包含安全及文明施工费（安全帽、工作服、标志标牌等，现场工作人员人身保险，洒水降尘，河道等水系污染的清理）。\n3、上述项目单价已充分考虑本项目的施工特点（如行车干扰、机械使用效率低、二次装运、可能会出现的窝工和误工等费用），因此在项目实施中不考虑任何原因的费用和工期索赔\n4、上述单价：工程量清单明确由招标人提供的材料到施工现场，其余的耗材、模板、脚手架、机械、机具、用电、抽水、主材等费用均由乙方负责\n5、乙方在施工过程中应充分了解当地水系，负责及时满足当地村民灌溉、排水排洪所需。\n6、土石方结算按甲方提供的路基土石方数量表计算，土石比不予调整。"]
["法定代表人或委托人：（签字盖章）                      日   期："]

{"sheet":"电力管道（二工区）","index":1,"n_rows":57,"n_cols":8,"rows_kept":57,"merged":[[0,0,0,7],[1,0,1,7],[2,10,2,11],[2,12,2,13],[7,0,7,2],[8,0,8,7],[12,0,12,7],[13,0,13,7],[17,6,19,6],[17,7,19,7],[21,0,21,2],[22,0,22,7],[24,0,24,7],[25,0,25,7],[31,0,31,2],[32,0,32,7],[33,0,33,7],[34,0,34,7],[37,6,42,6],[37,7,42,7],[44,0,44,2],[45,0,45,7],[47,0,47,7],[48,0,48,7],[54,0,54,2],[55,0,55,7],[56,0,56,7]],"flags":["formulas_cached_only"]}
["上饶市槠溪北路（三清山大道-天佑大道段）道路工程"]
["电力管廊劳务招标清单（二工区）"]
[{"$nulls":7},"第 1 页  共 5 页"]
["分项工程","施工工序","单位","暂定数量","清包工单价","合价","主要工作内容","计量规则"]
["管道安装","Φ200 BWFRP电力保护管","m",{"v":16956.8,"d":"16957"},{"v":4.6,"d":"4.60"},{"v":78001.27999999998,"d":"78001"},"材料卸车、材料搬运、定位、安装（含管枕安装2m一个管枕）、管道封堵、安全文明施工等工序所需的人工费、材料费（含水电、燃油、堵泥等除甲方供应的材料）、机械费（含进出场费用）以及利润、管理费、风险费等完成此项工程所需的除甲方工作内容以外的一切费用","依据图纸所示位置及断面尺寸，并经现场实际验收合格按双方核定的设计（含变更设计）内的实际数量以米为单位计量；除砂砾、管材由甲方提供外，其余所有材料、设备及便道填筑及维护、等均由乙方提供及实施，费用已含在综合单价中，不另行计量。"]
["管道安装","Φ100 BWFRP电力保护管","m",{"v":3279.2,"d":"3279"},{"v":3,"d":"3.00"},{"v":9837.599999999999,"d":"9838"},"材料卸车、材料搬运、定位、安装（含管枕安装2m一个管枕）、管道封堵、安全文明施工等工序所需的人工费、材料费（含水电、燃油、堵泥等除甲方供应的材料）、机械费（含进出场费用）以及利润、管理费、风险费等完成此项工程所需的除甲方工作内容以外的一切费用","依据图纸所示位置及断面尺寸，并经现场实际验收合格按双方核定的设计（含变更设计）内的实际数量以米为单位计量；除砂砾、管材由甲方提供外，其余所有材料、设备及便道填筑及维护、等均由乙方提供及实施，费用已含在综合单价中，不另行计量。"]
["管道安装","Φ200 MPP电力保护管","m",{"v":3371.2,"d":"3371"},{"v":20,"d":"20.00"},67424,"材料卸车、材料搬运、定位、安装（含管枕安装2m一个管枕）、管道封堵、安全文明施工等工序所需的人工费、材料费（含水电、燃油、堵泥等除甲方供应的材料）、机械费（含进出场费用）以及利润、管理费、风险费等完成此项工程所需的除甲方工作内容以外的一切费用","依据图纸所示位置及断面尺寸，并经现场实际验收合格按双方核定的设计（含变更设计）内的实际数量以米为单位计量；除砂砾、管材由甲方提供外，其余所有材料、设备及便道填筑及维护、等均由乙方提供及实施，费用已含在综合单价中，不另行计量。"]
["本页合计：",{"$nulls":4},{"v":155262.87999999998,"d":"155263"}]
["法定代表人或委托人：（签字盖章）                      日   期："]
[]
[]
[]
["上饶市槠溪北路（三清山大道-天佑大道段）道路工程"]
["电力管廊劳务招标清单（二工区）"]
[{"$nulls":7},"第 2 页  共 5 页"]
["分项工程","施工工序","单位","暂定数量","清包工单价","合价","主要工作内容","计量规则"]
["管道安装","Φ100 MPP电力保护管","m",{"v":642.8,"d":"643"},{"v":10,"d":"10.00"},6428,"材料卸车、材料搬运、定位、安装（含管枕安装2m一个管枕）、管道封堵、安全文明施工等工序所需的人工费、材料费（含水电、燃油、堵泥等除甲方供应的材料）、机械费（含进出场费用）以及利润、管理费、风险费等完成此项工程所需的除甲方工作内容以外的一切费用","依据图纸所示位置及断面尺寸，并经现场实际验收合格按双方核定的设计（含变更设计）内的实际数量以米为单位计量；除砂砾、管材由甲方提供外，其余所有材料、设备及便道填筑及维护、等均由乙方提供及实施，费用已含在综合单价中，不另行计量。"]
[null,"C15砼垫层","m3",{"v":245.93999999999997,"d":"245.94"},142.17,{"v":34965.28979999999,"d":"34965"},"场地清理；排水；模板制作、安装、拆除；混凝土浇筑、养护；施工缝、沉降缝设置、处理等所有与砼有关的工作内容及电力警示柱及电缆警示带的安装。","依据图纸所示位置及断面尺寸，并经现场实际验收合格按双方核定的设计（含变更设计）内的数量以立方米为单位计量；所有材料（含沥青麻蕠）、设备（含吊车、挖机、发电机及施工用电设施等）等均由乙方提供及实施，费用已含在综合单价中，不另行计量。"]
[null,"碎石垫层","m3",{"v":377.10799999999995,"d":"377.11"},7.88,{"v":2971.6110399999993,"d":"2972"}]
[null,"C20混凝土包封","m3",{"v":1303.744,"d":"1303.74"},142.17,{"v":185353.28447999997,"d":"185353"}]
[null,"60*6mm接地扁铁","m",{"v":3885,"d":"3885.00"},21.07,{"v":81856.95,"d":"81857"},"场地清理、扁铁安装、焊接、接地地阻测试、材料费（含水电、燃油、扁铁、角钢、牛鼻子）、机械费（含进出场费用）以及利润、管理费、风险费等完成此项工程所需的除甲方工作内容以外的一切费用","依据图纸所示位置及断面尺寸，并经现场实际验收合格按双方核定的设计（含变更设计）内的实际数量以米为单位计量；所有材料、设备及便道填筑及维护、等均由乙方提供及实施，费用已含在综合单价中，不另行计量。"]
["本页合计：",{"$nulls":4},{"v":311575.13531999994,"d":"311575"}]
["法定代表人或委托人：（签字盖章）                      日   期："]
[]
["上饶市槠溪北路（三清山大道-天佑大道段）道路工程"]
["电力管廊劳务招标清单（二工区）"]
[{"$nulls":7},"第 3 页  共 5 页"]
["分项工程","施工工序","单位","暂定数量","清包工单价","合价","主要工作内容","计量规则"]
[null,"接地网","付",{"v":60,"d":"60.00"},{"v":1152.6,"d":"1152.60"},69156,"场地清理、扁铁安装、焊接、接地地阻测试、材料费（含水电、燃油、扁铁、角钢、钢筋、牛鼻子）、机械费（含进出场费用）以及利润、管理费、风险费等完成此项工程所需的除甲方工作内容以外的一切费用","依据图纸所示位置及断面尺寸，并经现场实际验收合格按双方核定的设计（含变更设计）内的实际数量以付为单位计量；所有材料、设备及便道填筑及维护、等均由乙方提供及实施，费用已含在综合单价中，不另行计量。"]
[null,"电缆井支架","付",{"v":590,"d":"590.00"},63.78,{"v":37630.2,"d":"37630"},"场地清理、预埋件安装、支架安装、焊接、材料费（含水电、燃油、支架、预埋件）、机械费（含进出场费用）以及利润、管理费、风险费等完成此项工程所需的除甲方工作内容以外的一切费用","依据图纸所示位置及断面尺寸，并经现场实际验收合格按双方核定的设计（含变更设计）内的实际数量以付为单位计量；所有材料、设备及便道填筑及维护、等均由乙方提供及实施，费用已含在综合单价中，不另行计量。"]
[null,"管道开挖","m3",6457.53,5.45,{"v":35193.5385,"d":"35194"},"便道修通及维护、场地清理；围堰、排水；基坑开挖（含钻爆）；基坑支护；基坑检查、修整；基坑回填、压实；边坡及底面修整、弃方清运至指定弃土场整平、安全防护等等所有与清理现场有关的工作内容。","依据图纸所示地面线、图纸所示开挖土石比例（实际如有不符，不予调整）并经现场实际验收合格，按照天然密实体积按双方核定的设计（含变更设计）内的数量以立方米为单位计量（设计外的开挖数量及费用已含在综合单价内，不另行计算。）爆破手续及安全手续的办理、爆破耗材、安全防护设施、安全人员等所需费用已含在综合单价中，不另行计量；如乙方采用非爆破方法开挖，计量按单价执行，不予调整。"]
["本页合计：",{"$nulls":4},{"v":141979.7385,"d":"141980"}]
["法定代表人或委托人：（签字盖章）                      日   期："]
["上饶市槠溪北路（三清山大道-天佑大道段）道路工程"]
["电力管廊劳务招标清单（二工区）"]
[{"$nulls":7},"第 4 页  共 5 页"]
["分项工程","施工工序","单位","暂定数量","清包工单价","合价","主要工作内容","计量规则"]
[null,"直通井","口",{"v":34,"d":"34.00"},10218,347412,"购置爬梯材料、购置、加工；工作井开挖；安拆模板；脚手架搭拆；钢筋加工、钢筋安装；材料的水平、垂直运输；浇筑混凝土、养生；沉降缝止水条；膏安装涂抹处理；井盖安装、制作；井筒制作、安装、浇筑、砌筑；支架安装；安全文明施工等工序所需的人工费、材料费（含水电、燃油、堵泥、井盖、支架预埋件、砖等除甲方供应的材料）、机械费（含进出场费用、挖机、发电机等）以及利润、管理费、风险费等完成此项工程所需的除甲方工作内容以外的一切费用。","依据图纸所示位置及断面尺寸，并经现场实际验收合格按双方核定的设计（含变更设计）内的数量以口为单位计量；所有材料（含爬梯材料）、设备（含吊车、挖机、发电机及施工用电设施等）等均由乙方提供及实施，费用已含在综合单价中，不另行计量。"]
[null,"三通井","口",{"v":3,"d":"3.00"},18188,54564]
[null,"四通井","口",{"v":1,"d":"1.00"},21516,21516]
[null,"横管井","口",{"v":3,"d":"3.00"},5760,17280]
[null,"中间接头井","口",{"v":4,"d":"4.00"},23464,93856]
[null,"井盖","个",{"v":49,"d":"49.00"},{"v":450.38800000000003,"d":"450.39"},{"v":22069.012000000002,"d":"22069"}]
[null,"保护板","块",{"v":3279.2,"d":"3279"},{"v":160,"d":"160.00"},524672,"安拆模板、钢筋加工、钢筋安装、浇筑混凝土、搅拌、养生、保护板安装、安全文明施工等工序所需的人工费、材料费（含水电、燃油、水泥、砂、碎石、钢筋、模板等）、机械费（含进出场费用）以及利润、管理费、风险费等完成此项工程所需的除甲方工作内容以外的一切费用。","依据图纸所示位置及断面尺寸，并经现场实际验收合格按双方核定的设计（含变更设计）内的实际数量以块为单位计量；除砂砾、管材由甲方提供外，其余所有材料、设备及便道填筑及维护、等均由乙方提供及实施，费用已含在综合单价中，不另行计量。"]
["本业合计：",{"$nulls":4},{"v":1081369.012,"d":"1081369"}]
["法定代表人或委托人：（签字盖章）                      日   期："]
[]
["上饶市槠溪北路（三清山大道-天佑大道段）道路工程"]
["电力管廊劳务招标清单（二工区）"]
[{"$nulls":7},"第 5 页  共 5 页"]
["分项工程","施工工序","单位","暂定数量","清包工单价","合价","主要工作内容","计量规则"]
["顶管","Φ200 MPP电力保护管","m",{"v":5561.6,"d":"5561.60"},{"v":144.3,"d":"144.30"},{"v":802538.8800000001,"d":"802539"},"材料卸车、材料搬运、钻孔、机具定位、顶管、管道封堵、安全文明施工等工序所需的人工费、材料费（含水电、燃油等除甲方供应的材料）、物探、机械费（含进出场费用）以及利润、管理费、风险费等完成此项工程所需的除甲方工作内容以外的一切费用","依据图纸所示位置及断面尺寸，并经现场实际验收合格按双方核定的设计（含变更设计）内的实际数量以米为单位计量；除砂砾、管材由甲方提供外，其余所有材料、设备及便道填筑及维护、等均由乙方提供及实施，费用已含在综合单价中，不另行计量。"]
["顶管","Φ100 MPP电力保护管","m",{"v":990.4,"d":"990.40"},{"v":77.7,"d":"77.70"},{"v":76954.08,"d":"76954"},"材料卸车、材料搬运、钻孔、机具定位、顶管、管道封堵、安全文明施工等工序所需的人工费、材料费（含水电、燃油等除甲方供应的材料）、物探、机械费（含进出场费用）以及利润、管理费、风险费等完成此项工程所需的除甲方工作内容以外的一切费用","依据图纸所示位置及断面尺寸，并经现场实际验收合格按双方核定的设计（含变更设计）内的实际数量以米为单位计量；除砂砾、管材由甲方提供外，其余所有材料、设备及便道填筑及维护、等均由乙方提供及实施，费用已含在综合单价中，不另行计量。"]
[null,"小计：",{"$nulls":3},{"v":879492.9600000001,"d":"879493"}]
["合计：",{"$nulls":4},{"v":2569679.72582,"d":"2569680"}]
["备注：本次拟招标项目要求施工队必须配备足够的现场技术人员（其中：至少配备1名专业测量技术人员，至少配备水准测量仪器各1台）；各施工队机械配备要求使用220以上挖掘机机、打夯机1台、抽水机、搅拌机；如甲方赶工期要求增加设备，乙方必须无条件增加，增加费用含在拟招标单价内；乙方在施工过程中必须满足当地水保、环保要求，配备相应的环保设施；各施工队在中标进场前必须提供对劳务及工作人员进行投保，投保险种；无记名，10万元赔付款的医疗保险及不低于60万元赔付款的人身意外伤害险。机动车辆要求必须投保强制性保险和第三责任险（100万以上）。上述因素所产生的费用包含在综合单价内。\n1、以上综合单价均包含税金（乙方须向甲方提供正式的“增值税专用发票”、发票税目为“工程服务”，发票税率为“9%”，开具税票所需缴纳的一切税费由乙方自行承担）。\n2、上述单价包含安全及文明施工费（安全帽、工作服、标志标牌等，现场工作人员人身保险，洒水降尘，河道等水系污染的清理）。\n3、上述项目单价已充分考虑本项目的施工特点（如行车干扰、机械使用效率低、二次装运、可能会出现的窝工和误工等费用），因此在项目实施中不考虑任何原因的费用和工期索赔\n4、上述单价：工程量清单明确由招标人提供的材料到施工现场，其余的耗材、模板、脚手架、机械、机具、用电、抽水、主材等费用均由乙方负责\n5、乙方在施工过程中应充分了解当地水系，负责及时满足当地村民灌溉、排水排洪所需。\n6、土石方结算按甲方提供的路基土石方数量表计算，土石比不予调整。"]
["法定代表人或委托人：（签字盖章）                      日   期："]